| 000 | 00311nam a2200109 4500 | ||
|---|---|---|---|
| 999 |
_c10806 _d10806 |
||
| 008 | 180921b ||||| |||| 00| 0 eng d | ||
| 245 | _aLeadership in the time of disruption. | ||
| 260 |
_aPhilippines _bPhilippine Daily Inquirer _cc2016 |
||
| 300 | _apage B3-3. | ||
| 650 | 0 |
_931455 _aLeadership. |
|
| 942 |
_2ddc _cPER |
||